| 000 | 00434nam a2200145Ia 4500 | ||
|---|---|---|---|
| 008 | 170224s9999 xx 000 0 und d | ||
| 100 | _aBeverley Hill | ||
| 245 | _aClass talk: habitus and class in parental narratives of school choice | ||
| 245 | _cBeverley Hill & Ai-Ling Lai | ||
| 260 | _bJournal of Marketing Research | ||
| 260 | _c2016 | ||
| 300 | _a32:13-14, Pages: 1284-1307 | ||
| 500 | _aOctober | ||
| 650 | _xMarketing. | ||
| 999 |
_c315974 _d315974 |
||